00517nam a2200157Ia 4500008004100000082001800041100001400059245003200073260001600105300000800121630003200129730003200161942000900193999001900202952013800221100122s9999 xx 000 0 und d b34442a335.43 aCLAUDIN F aEUROCOMMUNISM AND SOCIALISM bN.L.Bc1905 a168 aEUROCOMMUNISM AND SOCIALISM aEUROCOMMUNISM AND SOCIALISM cBOOK c370800d370797 00104070aSVPPARLEbSVPPARLEd1983-06-21g10.00l0o34442pSVPPARLE-34442r2010-01-25 00:00:00v10.00w2010-01-25yBOOKz", , , NA"